| 000 | 00472pab a2200169 454500 | ||
|---|---|---|---|
| 008 | 180718b2008 xxu||||| |||| 00| 0 eng d | ||
| 100 | _aOchler, Andreas | ||
| 245 | _aSaving for retirement - a case for financial education in Germany and UK? An economic perspective | ||
| 260 | _c2008 | ||
| 300 | _ap.253-83. | ||
| 362 | _aSep | ||
| 650 | _aConsumer education | ||
| 700 | _aWerner, Christina | ||
| 773 | _aJournal of Consumer Policy | ||
| 908 | _aN | ||
| 909 | _a79308 | ||
| 999 |
_c79308 _d79308 |
||